Statystyki dla Tabela wszech czasów Ekstraklasy w piłce nożnej (TOP40)

Kliknij tutaj aby rozwiązać quiz!

Ogólne statystyki

  • Ten quiz został rozwiązany 2 546 razy
  • Średni wynik to 25 z 40

Statystyki odpowiedzi

MiejsceKlub% Poprawnych
1Legia Warszawa
99%
5Lech Poznań
98%
2Wisła Kraków
97%
16Lechia Gdańsk
93%
11Cracovia
91%
4Górnik Zabrze
91%
7Pogoń Szczecin
91%
3Ruch Chorzów
90%
8Śląsk Wrocław
89%
9Widzew Łódź
89%
27Arka Gdynia
88%
6ŁKS Łódź
88%
19Jagiellonia Białystok
87%
13Polonia Warszawa
87%
10Zagłębie Lubin
83%
31Piast Gliwice
78%
21Korona Kielce
75%
12GKS Katowice
74%
29Wisła Płock
70%
28Warta Poznań
68%
14Zagłębie Sosnowiec
67%
17Stal Mielec
63%
30Zawisza Bydgoszcz
62%
15Polonia Bytom
61%
25GKS Bełchatów
55%
37Górnik Łęczna
51%
24Amica Wronki
50%
40Motor Lublin
48%
23Odra Opole
48%
34Stomil Olsztyn
46%
33Pogoń Lwów
40%
32Garbarnia Kraków
38%
36Hutnik Kraków
36%
35Stal Rzeszów
36%
18Szombierki Bytom
36%
26Dyskobolia Grodzisk Wielkopolski
24%
22Odra Wodzisław Śląski
23%
20Gwardia Warszawa
18%
39Olimpia Poznań
9%
38Warszawianka
7%

Rozkład punktacji

Percentyl według liczby udzielonych odpowiedzi

Procent ludzi z każdym wynikiem

Twoja historia wyników

Nie rozwiązałeś tego quizu